00000000nam 2200000zi 4500
0019.922079
003CaOODSP
00520230501110616
006m     o  d f      
007cr |n|||||||||
008230501t19981998onc     o    f|0| 0 fre d
020 |z0662831411
040 |aCaOODSP|bfre|erda|cCaOODSP
043 |an-cn---
0861 |aC2-358/1998F-PDF
24500|aRéforme du système des noms de domaine et examen de questions connexes sur la gestion d'Internet : |bdocument de consultation / |crédigé par Industrie Canada, en collaboration avec Omnia Communications Inc.
264 1|aOttawa : |bIndustrie Canada = Industry Canada, |c1998.
264 4|c©1998
300 |a1 ressource en ligne (48 pages)
336 |atexte|btxt|2rdacontent/fre
337 |ainformatique|bc|2rdamedia/fre
338 |aressource en ligne|bcr|2rdacarrier/fre
500 |aPublié aussi en anglais sous le titre : Domain name system reform and related internet governance issues: a consultation paper.
500 |aÉdition numérisée de l'imprimé [par Innovation, Sciences et Développement économique Canada].
650 6|aNoms de domaine (Internet)
650 6|aInternet|xGestion.
7101 |aCanada. |bIndustrie Canada, |eorganisme de publication.
7101 |aOmnia Communications Inc., |econsultant.
77508|tDomain name system reform and related internet governance issues : |w(CaOODSP)9.922077
85640|qPDF|s1.66 Mo|uhttps://publications.gc.ca/collections/collection_2023/isde-ised/c2/C2-358-1998-fra.pdf